000 00897cam a2200289 4500
001 2135
003 BD-DhEWU
005 20140406144320.0
008 980429s1972 nyua g b 001 0 eng d
010 _a 72077273
035 _a(OCoLC)
040 _aDLC
_cDLC
_dDLC
_dBD-DhEWU
_beng
041 _aeng
050 0 0 _aLC5251
_b.R38
082 0 4 _a374
_bPRI 1972
100 1 _aRauch, David B.
_96900
245 1 0 _aPriorities in adult education /
_c[edited by] David B. Rauch. A publication of the Adult Education Association of the U.S.A.
260 _aNew York,
_bMacmillan
_c[1972]
300 _axii, 241 p. :
_billus. ;
_c24 cm.
504 _aIncludes bibliographical references.
526 _aSociology
590 _aSagar Shahanawaz
650 0 _aAdult education
_zUnited States.
_96901
710 2 _aAdult Education Association.
_96902
856 _3WorldCat details
942 _2ddc
_cTEXT
999 _c2135
_d2135